Výpočet, návrh a posúdenie vykurovania veľkopriestorového objektu
Na minha lista:
| Autor principal: | |
|---|---|
| Outros Autores: | |
| Formato: | Manuscrito Livro |
| Idioma: | eslovaco |
| Publicado em: |
2023
|
| Assuntos: | |
| Acesso em linha: | http://is.stuba.sk/zp/portal_zp.pl?podrobnosti=175980 https://opac.crzp.sk/?fn=detailBiblioForm&sid=C0DEB8E07572332BAC230D15805F |
| Tags: |
Sem tags, seja o primeiro a adicionar uma tag!
|
MARC
| LEADER | 00000ntm a22000003a 4500 | ||
|---|---|---|---|
| 001 | stuzp93618 | ||
| 003 | SK-STU | ||
| 005 | 20230919102212.7 | ||
| 007 | ta | ||
| 008 | 150427s2015----xo-----f-mn---000-0-slo-d | ||
| 040 | |a STU |b slo | ||
| 041 | 0 | |a slo | |
| 100 | 1 | |a Látečka, Marek |u 010290 |4 aut |U SvF Stavebná fakulta |T SvF Katedra technických zariadení budov |X 81169 |U V290 |Y 31 |7 81169 | |
| 242 | 0 | 1 | |a Calculation, design and assessment of large-space building heating |y eng |
| 245 | 1 | 0 | |a Výpočet, návrh a posúdenie vykurovania veľkopriestorového objektu |
| 260 | |c 2023 | ||
| 650 | 4 | |a veľkopriestorový objekt |2 slo | |
| 650 | 4 | |a tepelné čerpadlo |2 slo | |
| 650 | 4 | |a veľkoplošné podlahové vykurovanie |2 slo | |
| 650 | 4 | |a large-scale object |2 eng | |
| 650 | 4 | |a heat pump |2 eng | |
| 650 | 4 | |a large-area floor heating |2 eng | |
| 700 | 1 | |a Kalús, Daniel |u 010290 |k Z1 |4 ths |U SvF Stavebná fakulta |T SvF Katedra technických zariadení budov |X 799 |U V290 |Y 31 |7 A000000799 | |
| 856 | 4 | |u http://is.stuba.sk/zp/portal_zp.pl?podrobnosti=175980 | |
| 856 | 4 | |u https://opac.crzp.sk/?fn=detailBiblioForm&sid=C0DEB8E07572332BAC230D15805F | |